000 00224nam a22000857a 4500
008 170113b xxu||||| |||| 00| 0 eng d
100 _92382
_aKishani.M.Etal.
245 _aScience-Lab Together-VI
260 _aNew Delhi
_bRachna
_c2010
999 _c5381
_d5381